000 01010nam0a22002651 4500
001 rc\120576
005 20250620190722.0
035 _a(NLR Aleph) 005378097
090 _a7071279
_c7071279
100 _a20021216d1996 |||y0rusy50 ca
101 0 _arus
102 _aRU
105 _aa |||||||||
200 1 _aСИСТЕМА измерения спектров коллективного рассеяния для диагностики термоядерной плазмы
_fЛ.В. Лубяко, Е.В. Суворов, А.Б. Буров и др.
210 _aН. Новгород
_cИПФ
_d1996
215 _a23 с.
_cил.
_d20
225 1 _aПрепринт
_fРос. акад. наук. Ин-т прикл. физики
_v№ 412
300 _aРез. на англ. яз.
320 _aБиблиогр.: с. 22-23
701 1 _aЛубяко
_bЛ.В.
_gЛев Валентинович
801 0 _aRU
_bNLR
_gpsbo
801 1 _aRU
_bELAR
_2rusmarc
852 _aNLR
_j97-4/9400
942 _cBOOK
980 _aNB